[Event "HET"]
[Site "Hamburg"]
[Date "2006.08.27"]
[Round "5.18"]
[White "Oehlke, Jan-Philipp"]
[Black "Zehner, Birte"]
[Result "1/2-1/2"]
[WhiteElo "1611"]
[BlackElo "1486"]
[PlyCount "43"]
[EventDate "2006.??.??"]
[EventType "swiss"]
[EventRounds "7"]
[EventCountry "GER"]

1. e4 e5 2. Nc3 Be7 3. Bc4 d6 4. d3 Nc6 5. Be3 Nf6 6. h3 Na5 7. Bb3 Nxb3 8.
axb3 b6 9. Nf3 Bb7 10. O-O O-O 11. Re1 a6 12. Ne2 Nd7 13. Ng3 d5 14. exd5 Bxd5
15. c4 Bb7 16. d4 e4 17. Ne5 f5 18. Bf4 Nxe5 19. Bxe5 Qd7 20. Qe2 Rae8 21. Rad1
Bg5 22. Qh5 1/2-1/2

[Event "HET"]
[Site "Hamburg"]
[Date "2006.08.27"]
[Round "5.19"]
[White "Meister, Bernd Holger"]
[Black "Frackowiak, Stanislaw"]
[Result "1-0"]
[WhiteElo "1926"]
[BlackElo "1410"]
[PlyCount "65"]
[EventDate "2006.??.??"]
[EventType "swiss"]
[EventRounds "7"]
[EventCountry "GER"]

1. d4 d5 2. c4 Nc6 3. Nf3 Nf6 4. Nc3 Bg4 5. cxd5 Nxd5 6. e4 Bxf3 7. gxf3 Nxc3
8. bxc3 g6 9. Qb3 Na5 10. Qa4+ c6 11. Bd2 Qc7 12. c4 b6 13. Bxa5 bxa5 14. Rd1
e5 15. d5 Bb4+ 16. Ke2 O-O 17. a3 Bc5 18. Bh3 cxd5 19. cxd5 Qb6 20. Rb1 Qd6 21.
Rhc1 Rfb8 22. Qxa5 Bxa3 23. Rc6 Qf8 24. Rxb8 Rxb8 25. Qxa7 Qb4 26. Kf1 Rd8 27.
Rc7 Qf8 28. Rxf7 Qh6 29. Bg4 Qxh2 30. Rg7+ Kh8 31. Rd7 Rf8 32. Qxa3 Qf4 33. Qe7
1-0

[Event "HET"]
[Site "Hamburg"]
[Date "2006.08.27"]
[Round "5.20"]
[White "Biermann, Helge"]
[Black "Meyer, Michael M"]
[Result "1-0"]
[WhiteElo "1808"]
[BlackElo "1541"]
[PlyCount "77"]
[EventDate "2006.??.??"]
[EventType "swiss"]
[EventRounds "7"]
[EventCountry "GER"]

1. c4 c5 2. Nc3 Nc6 3. e4 d6 4. f4 e6 5. Nf3 Be7 6. d3 a6 7. a4 Nb4 8. Be2 Nf6
9. O-O O-O 10. b3 b6 11. h3 Bb7 12. g4 Nd7 13. Kh2 Bf6 14. Bd2 Be7 15. f5 h6
16. Na2 Nc6 17. Rc1 Nce5 18. Be3 Nxf3+ 19. Bxf3 Ne5 20. Bg2 Bh4 21. Nc3 Bg5 22.
Qd2 Bxe3 23. Qxe3 Qh4 24. Rf4 Qg5 25. Rcf1 Rae8 26. Qe2 Bc8 27. Qd1 Qd8 28. Ne2
Qc7 29. R4f2 d5 30. Kg1 dxe4 31. Bxe4 exf5 32. gxf5 f6 33. Rg2 Re7 34. Nf4 Qd8
35. Qh5 Qe8 36. Qxh6 g5 37. Bd5+ Rff7 38. Ng6 Nxg6 39. fxg6 1-0

[Event "HET"]
[Site "Hamburg"]
[Date "2006.08.27"]
[Round "5.21"]
[White "Schwirz, Horst"]
[Black "Cupina, Ibrahim"]
[Result "0-1"]
[WhiteElo "1529"]
[BlackElo "1646"]
[PlyCount "70"]
[EventDate "2006.??.??"]
[EventType "swiss"]
[EventRounds "7"]
[EventCountry "GER"]

1. d4 Nf6 2. Nf3 c5 3. e3 cxd4 4. exd4 g6 5. Bf4 Bg7 6. Be2 O-O 7. O-O d6 8. c4
Bf5 9. Nc3 Nc6 10. a3 a6 11. d5 Nb8 12. Nd4 Bc8 13. Qd2 Re8 14. Bh6 Bh8 15. Bf3
Nbd7 16. Ne4 Ne5 17. Nxf6+ Bxf6 18. Be2 Ng4 19. Bxg4 Bxg4 20. f4 Qb6 21. Rad1
Bxd1 22. Rxd1 Qxd4+ 23. Qxd4 Bxd4+ 24. Rxd4 b5 25. cxb5 axb5 26. Rb4 Rab8 27.
Bg5 f6 28. Bh4 Rec8 29. a4 bxa4 30. Rxa4 Rxb2 31. h3 Rcc2 32. Ra8+ Kg7 33. Ra7
Rxg2+ 34. Kf1 Kf7 35. Ra3 Rgd2 0-1

[Event "HET"]
[Site "Hamburg"]
[Date "2006.08.27"]
[Round "5.22"]
[White "Kohlstädt, Jürgen"]
[Black "Blank, Yevgen"]
[Result "1/2-1/2"]
[WhiteElo "1568"]
[BlackElo "1428"]
[PlyCount "38"]
[EventDate "2006.??.??"]
[EventType "swiss"]
[EventRounds "7"]
[EventCountry "GER"]

1. d4 d5 2. c4 c6 3. Nc3 Bf5 4. cxd5 cxd5 5. Qb3 Nc6 6. e3 Rb8 7. Nf3 e6 8. a3
Nf6 9. Be2 a6 10. O-O Bd6 11. h3 O-O 12. Nh4 Bg6 13. Nxg6 fxg6 14. Qc2 Qc7 15.
b4 Ne4 16. Nxe4 Nxd4 17. Qxc7 Nxe2+ 18. Kh1 Bxc7 19. Nc5 Nc3 1/2-1/2

[Event "HET"]
[Site "Hamburg"]
[Date "2006.08.27"]
[Round "5.23"]
[White "Mania, Irmgard"]
[Black "Schulz, Hugo"]
[Result "0-1"]
[WhiteElo "880"]
[BlackElo "1644"]
[PlyCount "66"]
[EventDate "2006.??.??"]
[EventType "swiss"]
[EventRounds "7"]
[EventCountry "GER"]

1. e4 c6 2. Nf3 g6 3. Bc4 d5 4. exd5 b5 5. Bd3 Qxd5 6. Nc3 Qd8 7. b3 Bg7 8. Bb2
Nf6 9. O-O O-O 10. Re1 Nbd7 11. Rb1 a5 12. Ne4 Qb6 13. Bd4 c5 14. Bxf6 (14.
Nxf6+ exf6 15. Bb2 $14) 14... Nxf6 15. Qe2 Bd7 16. Ne5 Be8 17. Qf3 Rc8 18. Qh3
Qc7 19. Qg3 Nh5 20. Qe3 Bxe5 21. g3 Bd7 22. Kg2 Bd4 23. Qg5 Bc6 24. c3 Bg7 {
Weiss führte den unmöglichen Zug Se4xc5 mit dem gefesselten Springer aus.
Schwarz bestand darauf, dass der Bauer c5 nach den Regeln mit einem anderen
gültigen Zug geschlagen werden muss.} 25. Qxc5 Bxe4+ 26. Rxe4 Qxc5 27. Rbe1
Rfd8 28. Rxe7 Rxd3 29. Re8+ Rxe8 30. Rxe8+ Bf8 31. f4 Rxd2+ 32. Kh3 Qf5+ 33.
Kh4 Rxh2# 0-1

[Event "HET"]
[Site "Hamburg"]
[Date "2006.08.27"]
[Round "5.24"]
[White "Kock, Rudolf"]
[Black "Kolster, Jascha"]
[Result "1-0"]
[WhiteElo "1417"]
[BlackElo "1199"]
[PlyCount "75"]
[EventDate "2006.??.??"]
[EventType "swiss"]
[EventRounds "7"]
[EventCountry "GER"]

1. f4 Nf6 2. b3 e6 3. Nf3 b6 4. Bb2 Bb7 5. e3 Nc6 6. a3 Bd6 7. c4 Qe7 8. d4 O-O
9. Nbd2 Rfe8 10. Ne5 a6 11. Ndf3 Ne4 12. Qc2 Rab8 13. Bd3 Nxe5 14. fxe5 Bb4+
15. axb4 Qxb4+ 16. Ke2 f5 17. exf6 Nxf6 18. Ba3 Qa5 19. Ne5 b5 20. Bc5 bxc4 21.
Bxh7+ Nxh7 22. Rxa5 cxb3 23. Qb1 Bxg2 24. Rg1 Bd5 25. Ba3 d6 26. Rxd5 exd5 27.
Ng4 a5 28. h4 a4 29. Nh6+ Kh8 30. Nf7+ Kg8 31. Qg6 Ng5 32. hxg5 b2 33. Rb1 Re7
34. Nh6+ Kh8 35. Nf5 Rd7 36. Rxb2 Rxb2+ 37. Bxb2 Kg8 38. Qe8+ 1-0

[Event "HET"]
[Site "Hamburg"]
[Date "2006.08.27"]
[Round "5.26"]
[White "Gloe, Helmut"]
[Black "Ramm, Helga"]
[Result "1-0"]
[WhiteElo "1233"]
[BlackElo "936"]
[PlyCount "47"]
[EventDate "2006.??.??"]
[EventType "swiss"]
[EventRounds "7"]
[EventCountry "GER"]

1. d4 d5 2. Nf3 Nf6 3. e3 Nc6 4. Bd3 Bd7 5. c4 e6 6. cxd5 Nxd5 7. O-O Bd6 8.
Nbd2 Qf6 9. Bb1 O-O-O 10. e4 Nxd4 11. Nxd4 Qh4 12. N2f3 Qf4 13. exd5 e5 14. Nb3
Bg4 15. Bxf4 Kb8 16. Bxe5 Bxe5 17. Nc5 Bxb2 18. Qb3 b6 19. Qxb2 Bxf3 20. Be4
Bxe4 21. Nxe4 f6 22. Qb5 Rhe8 23. Nc5 Re5 24. Qc6 1-0

[Event "HET"]
[Site "Hamburg"]
[Date "2006.08.27"]
[Round "5.2"]
[White "Meier, David Geffrey"]
[Black "Moehrmann, Marcus"]
[Result "1-0"]
[WhiteElo "2182"]
[BlackElo "2053"]
[PlyCount "79"]
[EventDate "2006.??.??"]
[EventType "swiss"]
[EventRounds "7"]
[EventCountry "GER"]

1. f4 d5 2. Nf3 c5 3. g3 Nc6 4. Bg2 e6 5. O-O Nf6 6. d3 Be7 7. Nc3 O-O 8. e4
Qb6 9. e5 Ne8 10. Ne2 f6 11. c3 d4 12. Qb3 Qc7 13. cxd4 cxd4 14. Bd2 Bc5 15.
Rac1 Bb6 16. Bb4 Rf7 17. f5 Qd7 18. Nf4 Nc7 19. Bh3 exf5 20. e6 Nxe6 21. Bxf5
Nxf4 22. Bxd7 Ne2+ 23. Kg2 Nxc1 24. Rxc1 Bxd7 25. Re1 Re8 26. Rxe8+ Bxe8 27.
Bd6 g6 28. h4 Kg7 29. h5 gxh5 30. Qe6 Bd7 31. Qd5 Bg4 32. Ba3 h6 33. Qe4 Bc7
34. Nxd4 Nxd4 35. Qxd4 Rd7 36. Qe4 Bb6 37. Qe8 Rxd3 38. Bf8+ Kg8 39. Be7+ Kh7
40. Qf7+ 1-0

[Event "HET"]
[Site "Hamburg"]
[Date "2006.09.02"]
[Round "6.2"]
[White "Foerster, Andreas"]
[Black "Meier, David Geffrey"]
[Result "0-1"]
[WhiteElo "2207"]
[BlackElo "2182"]
[PlyCount "90"]
[EventDate "2006.??.??"]
[EventType "swiss"]
[EventRounds "7"]
[EventCountry "GER"]

1. d4 d5 2. c4 dxc4 3. Nf3 a6 4. e4 b5 5. Nc3 Bb7 6. e5 e6 7. a4 Bb4 8. Bd2 Nc6
9. axb5 Nxd4 10. Nxd4 Qxd4 11. bxa6 Qxe5+ 12. Be2 Bc6 13. O-O Nf6 14. Bf3 Bxf3
15. Qa4+ Ke7 16. Qxb4+ c5 17. Qxc4 Bc6 18. Be3 Nd7 19. Rfd1 Rhc8 20. Ra5 Ke8
21. b4 Qh5 22. Bxc5 Ne5 23. Qf4 Ng6 24. Qg3 f5 25. Qd6 Kf7 26. Re1 Kg8 27. b5
Bxg2 28. Kxg2 Nh4+ 29. Kf1 Nf3 30. Re3 Nxh2+ 31. Kg2 Ng4 32. Rh3 Qg6 33. Rg3 h5
34. Nd5 Re8 35. Ne7+ Rxe7 36. Qxe7 f4 37. Raa3 fxg3 38. Rxg3 Re8 39. Qd7 h4 40.
Qxe8+ Qxe8 41. Rxg4 Qh5 42. Rc4 Qd5+ 43. f3 Qxc4 44. a7 Qd5 45. Bf2 g5 0-1

[Event "HET"]
[Site "Hamburg"]
[Date "2006.09.02"]
[Round "6.3"]
[White "Fraas, Henning"]
[Black "Kammer, Roland"]
[Result "1-0"]
[WhiteElo "2152"]
[BlackElo "2135"]
[PlyCount "77"]
[EventDate "2006.??.??"]
[EventType "swiss"]
[EventRounds "7"]
[EventCountry "GER"]

1. d4 d5 2. Bg5 c6 3. Nf3 Qb6 4. b3 Bf5 5. e3 Nd7 6. Bd3 Bxd3 7. Qxd3 e6 8. O-O
Ngf6 9. Nbd2 Bd6 10. c4 Qa5 11. c5 Be7 12. b4 Qd8 13. Rfb1 b5 14. a4 a6 15. Ra3
O-O 16. Rba1 bxa4 17. Rxa4 Nb8 18. h3 Nfd7 19. Bf4 f6 20. e4 e5 21. dxe5 fxe5
22. Bg3 dxe4 23. Nxe4 Bf6 24. Qc4+ Kh8 25. Rd1 Qe7 26. Ra2 h6 27. Rad2 Ra7 28.
Nd6 g6 29. Ne4 Bg7 30. Rd6 Kh7 31. Re6 Qd8 32. Bh4 Qc7 33. Be7 Rf4 34. Qd3 Rb7
35. g3 Nf8 36. Bxf8 Rxf8 37. Nd6 Rxb4 38. Qxg6+ Kh8 39. Nxe5 1-0

[Event "HET"]
[Site "Hamburg"]
[Date "2006.09.02"]
[Round "6.4"]
[White "Moehrmann, Marcus"]
[Black "Weiss, Siegfried"]
[Result "1-0"]
[WhiteElo "2053"]
[BlackElo "2126"]
[PlyCount "65"]
[EventDate "2006.??.??"]
[EventType "swiss"]
[EventRounds "7"]
[EventCountry "GER"]

1. e4 e6 2. d4 c5 3. d5 exd5 4. exd5 d6 5. Nf3 Nf6 6. Nc3 Be7 7. g3 O-O 8. Bg2
Na6 9. O-O Nc7 10. a4 a6 11. Re1 Rb8 12. a5 b5 13. axb6 Rxb6 14. Na4 Rb8 15. c4
Bf5 16. Bf4 Re8 17. Nxc5 Rxb2 18. Nxa6 Nxa6 19. Rxa6 Ne4 20. Nd4 Nxf2 21. Qa1
Bf6 22. Nxf5 Rbe2 23. Rxe2 Bxa1 24. Rxe8+ Qxe8 25. Rxa1 Nd3 26. Nxd6 Qb8 27. c5
h6 28. Ne4 Qb2 29. Rf1 Qd4+ 30. Kh1 f5 31. c6 fxe4 32. c7 Qc4 33. Bh3 1-0

[Event "HET"]
[Site "Hamburg"]
[Date "2006.09.02"]
[Round "6.5"]
[White "Jablonowski, Christoph"]
[Black "Ewaldt, Michael"]
[Result "0-1"]
[WhiteElo "1965"]
[BlackElo "2104"]
[PlyCount "44"]
[EventDate "2006.??.??"]
[EventType "swiss"]
[EventRounds "7"]
[EventCountry "GER"]

1. d4 d5 2. Nf3 c6 3. Nbd2 Nf6 4. e3 g6 5. c4 a6 6. Bd3 Bf5 7. Qc2 Bxd3 8. Qxd3
Bg7 9. O-O O-O 10. b3 Nbd7 11. Bb2 Re8 12. Ne5 Nxe5 13. dxe5 Ng4 14. cxd5 Bxe5
15. Bxe5 Nxe5 16. Qc3 Qxd5 17. e4 Qd6 18. f4 Nd3 19. Kh1 Rad8 20. f5 Qc5 21.
Qxc5 Nxc5 22. Rad1 Rd4 0-1

[Event "HET"]
[Site "Hamburg"]
[Date "2006.09.02"]
[Round "6.6"]
[White "Keuchen, Michael"]
[Black "Schmuck, Martin"]
[Result "1-0"]
[WhiteElo "1993"]
[BlackElo "1773"]
[PlyCount "81"]
[EventDate "2006.??.??"]
[EventType "swiss"]
[EventRounds "7"]
[EventCountry "GER"]

1. d4 d5 2. Bg5 h6 3. Bf4 Nf6 4. e3 Bf5 5. Nf3 e6 6. c3 c6 7. Qb3 Qb6 8. Bxb8
Rxb8 9. Nbd2 Bd6 10. Be2 O-O 11. Nh4 Bh7 12. g4 Qxb3 13. axb3 a6 14. b4 g5 15.
Ng2 e5 16. dxe5 Bxe5 17. f4 Bc7 18. f5 Rfe8 19. Bf3 Bb6 20. Ke2 Ne4 21. Bxe4
dxe4 22. h4 f6 23. hxg5 hxg5 24. Rh6 Kg7 25. Rah1 Bg8 26. Rg6+ Kf7 27. Rhh6 Bd8
28. Rh8 Bc7 29. Ne1 Rbd8 30. Rhh6 Ke7 31. Rg7+ Bf7 32. Rhh7 Rxd2+ 33. Kxd2 Rd8+
34. Ke2 Rf8 35. Nc2 Ke8 36. Kf2 Bd6 37. Nd4 c5 38. bxc5 Bxc5 39. Ne6 Bxe6 40.
fxe6 f5 41. e7 1-0

[Event "HET"]
[Site "Hamburg"]
[Date "2006.09.02"]
[Round "6.7"]
[White "Schermer, Denis"]
[Black "Ristic, Sreten"]
[Result "0-1"]
[WhiteElo "2121"]
[BlackElo "1930"]
[PlyCount "180"]
[EventDate "2006.??.??"]
[EventType "swiss"]
[EventRounds "7"]
[EventCountry "GER"]

1. e4 d6 2. d4 Nf6 3. Nc3 c6 4. h3 Nbd7 5. g3 e5 6. Nge2 Be7 7. Bg2 Qc7 8. O-O
a5 9. a4 Nb6 10. f4 Be6 11. b3 h6 12. Be3 exf4 13. gxf4 d5 14. e5 Nh7 15. Qd3
g6 16. Ng3 Qd7 17. Nce2 Bxh3 18. f5 Bxg2 19. Kxg2 gxf5 20. Bxh6 Ng5 21. Nxf5
O-O-O 22. Bxg5 Bxg5 23. Nd6+ Kb8 24. Qf5 Rdg8 25. Ng3 f6 26. Qxd7 Nxd7 27. e6
Nf8 28. e7 Ne6 29. e8=Q+ Rxe8 30. Nxe8 Nxd4 31. Nxf6 Nxc2 32. Rh1 Rxh1 33. Nd7+
Kc7 34. Rxh1 Kxd7 35. Rh7+ Kc8 36. Nf5 Ne3+ 37. Nxe3 Bxe3 38. Kf3 Bd4 39. Kf4
Kb8 40. Kf5 Ka7 41. Ke6 Kb6 42. Kd6 Be3 43. Ke5 Bf2 44. Rf7 Bc5 45. Rd7 Ba3 46.
Kd4 Bb4 47. Rd8 Be7 48. Ra8 Bf6+ 49. Kd3 Be5 50. Re8 Bd6 51. Kd4 Bg3 52. Rf8
Bh4 53. Rf7 Bd8 54. Rd7 Bf6+ 55. Kd3 Bb2 56. Kc2 Ba3 57. Kd3 Bb4 58. Rf7 Bc5
59. Rf6 Ba3 60. Re6 Bb2 61. Re8 Kc5 62. Ra8 b6 63. Ra6 Bc1 64. Kc2 Bf4 65. Kd3
Bh2 66. Ra7 Kb4 67. Kc2 d4 68. Rd7 Be5 69. Re7 Bd6 70. Re6 Kc5 71. Rh6 b5 72.
Rh5+ Kb4 73. Rh6 bxa4 74. bxa4 Kc5 75. Kd3 Be5 76. Rh5 Kd5 77. Rh7 c5 78. Rd7+
Bd6 79. Rd8 c4+ 80. Kd2 Kc5 81. Rc8+ Kb4 82. Rc6 Bf4+ 83. Kd1 d3 84. Rf6 Be5
85. Re6 Bd4 86. Rb6+ Kc5 87. Ra6 c3 88. Rxa5+ Kc4 89. Ra8 c2+ 90. Kd2 Be3+ 0-1

[Event "HET"]
[Site "Hamburg"]
[Date "2006.09.02"]
[Round "6.8"]
[White "Atri, Jamshid"]
[Black "Urban, Ralf-Dieter"]
[Result "1/2-1/2"]
[WhiteElo "2117"]
[BlackElo "1962"]
[PlyCount "102"]
[EventDate "2006.??.??"]
[EventType "swiss"]
[EventRounds "7"]
[EventCountry "GER"]

1. e4 e5 2. Nf3 Nc6 3. Nc3 Nf6 4. Bb5 Bc5 5. O-O O-O 6. Nxe5 Nxe5 7. d4 Bb4 8.
dxe5 Bxc3 9. bxc3 Nxe4 10. Qd4 d5 11. f3 Ng5 12. Ba3 Ne6 13. Qe3 c5 14. Bxc5
Nxc5 15. Qxc5 Be6 16. Bd3 f6 17. Qd4 Qc7 18. exf6 Rxf6 19. Rab1 Bf7 20. Rb5 Rf4
21. Qc5 Qd7 22. Rb4 b6 23. Qe3 Rf6 24. Rg4 Rc8 25. Qd4 Qc6 26. Qa4 h5 27. Qxc6
Rfxc6 28. Ra4 R8c7 29. Kf2 Rxc3 30. Ke1 Kf8 31. Kd2 R3c6 32. Rf4 Ke7 33. Re1+
Re6 34. Rxe6+ Kxe6 35. h4 Ke5 36. Rf5+ Ke6 37. Rg5 Kf6 38. Rf5+ Ke6 39. f4 Rc5
40. Rg5 Kf6 41. Be2 g6 42. Bd3 d4 43. g3 Ke7 44. a3 Kf6 45. Be4 Rc3 46. a4 Ra3
47. f5 gxf5 48. Rxf5+ Ke6 49. Rg5 Kf6 50. Rf5+ Ke6 51. Rg5 Kf6 1/2-1/2

[Event "HET"]
[Site "Hamburg"]
[Date "2006.09.02"]
[Round "6.9"]
[White "Toparlak, Afsin"]
[Black "Sternberg, Lew"]
[Result "1/2-1/2"]
[WhiteElo "2074"]
[BlackElo "2072"]
[PlyCount "35"]
[EventDate "2006.??.??"]
[EventType "swiss"]
[EventRounds "7"]
[EventCountry "GER"]

1. e4 c5 2. d4 cxd4 3. c3 dxc3 4. Bc4 e6 5. Nf3 Qc7 6. Qe2 c2 7. Nc3 a6 8. O-O
Bb4 9. e5 b5 10. Bb3 Bb7 11. Ne4 Ne7 12. Bf4 Ng6 13. Bg3 Nc6 14. Rac1 Qb6 15.
Rxc2 Na5 16. a3 Nxb3 17. axb4 Nd4 18. Nxd4 1/2-1/2

[Event "HET"]
[Site "Hamburg"]
[Date "2006.09.02"]
[Round "6.10"]
[White "Schroeder, Kai Uwe"]
[Black "Bohn, Christoph"]
[Result "1/2-1/2"]
[WhiteElo "1795"]
[BlackElo "1916"]
[PlyCount "73"]
[EventDate "2006.??.??"]
[EventType "swiss"]
[EventRounds "7"]
[EventCountry "GER"]

1. e4 g6 2. d4 Bg7 3. Nc3 d6 4. Nf3 Nf6 5. Bf4 O-O 6. Qd2 c5 7. Bh6 cxd4 8.
Nxd4 Bxh6 9. Qxh6 Qb6 10. Nb3 Nc6 11. Be2 Be6 12. h3 Rac8 13. Bg4 Nb4 14. Qd2
Nxe4 15. Nxe4 Rxc2 16. Qd4 Rc4 17. Qxb6 Rxe4+ 18. Qe3 Nc2+ 19. Kd2 Nxe3 20.
fxe3 Bxg4 21. hxg4 Rxg4 22. Rhg1 f5 23. Rac1 f4 24. Nd4 fxe3+ 25. Kxe3 Rff4 26.
Rc8+ Kf7 27. Rf8+ Kxf8 28. Ne6+ Kf7 29. Nxf4 e5 30. Nd3 Ke6 31. a3 b6 32. Nf2
Rg3+ 33. Kd2 d5 34. Nd3 h5 35. Ne1 e4 36. Rf1 Rb3 37. Kc2 1/2-1/2

[Event "HET"]
[Site "Hamburg"]
[Date "2006.09.02"]
[Round "6.11"]
[White "Raedisch, Peter"]
[Black "Christiansen, Peter"]
[Result "0-1"]
[WhiteElo "1920"]
[BlackElo "1773"]
[PlyCount "120"]
[EventDate "2006.??.??"]
[EventType "swiss"]
[EventRounds "7"]
[EventCountry "GER"]

1. e4 e5 2. Nf3 c5 3. Bc4 d6 4. c3 Nf6 5. Ng5 d5 6. exd5 Bd6 7. Bb5+ Nbd7 8. c4
O-O 9. d3 Nb6 10. Nc3 Bf5 11. f3 a6 12. Ba4 Nxa4 13. Nxa4 h6 14. Ne4 Bxe4 15.
dxe4 Nxe4 16. fxe4 Qh4+ 17. Kf1 f5 18. Be3 fxe4+ 19. Ke2 Qg4+ 20. Kd2 Qxg2+ 21.
Qe2 Qh3 22. Rag1 Rf3 23. Nc3 Raf8 24. Nd1 b5 25. b3 bxc4 26. Qg2 Qxg2+ 27. Rxg2
cxb3 28. axb3 Kh7 29. Nf2 Rb8 30. Rb1 c4 31. Nxe4 Ba3 32. Ke2 Rh3 33. d6 cxb3
34. d7 b2 35. Bc5 Bxc5 36. Nxc5 Rc3 37. Ne6 Rc2+ 38. Kd3 Rxg2 39. d8=Q Rxd8+
40. Nxd8 Rxh2 41. Nc6 g5 42. Nxe5 h5 43. Nc4 g4 44. Nxb2 Rf2 45. Ke3 Rf3+ 46.
Ke2 Rb3 47. Kd2 g3 48. Kc2 Rb4 49. Re1 h4 50. Nd3 Rc4+ 51. Kd2 h3 52. Re5 Rh4
53. Nf4 Rxf4 54. Rh5+ Kg6 55. Rxh3 Rg4 56. Rh1 a5 57. Ke3 g2 58. Rg1 Kf5 59.
Kf3 a4 60. Rb1 g1=Q 0-1

[Event "HET"]
[Site "Hamburg"]
[Date "2006.09.02"]
[Round "6.12"]
[White "Biermann, Helge"]
[Black "Lochmann, Viktor"]
[Result "1-0"]
[WhiteElo "1808"]
[BlackElo "1910"]
[PlyCount "71"]
[EventDate "2006.??.??"]
[EventType "swiss"]
[EventRounds "7"]
[EventCountry "GER"]

1. c4 e5 2. Nc3 Nf6 3. g3 Nc6 4. Bg2 d6 5. e3 g6 6. d4 Bg7 7. d5 Ne7 8. Nge2
O-O 9. O-O Ne8 10. e4 f5 11. f3 Nf6 12. Bd2 a6 13. a4 Rb8 14. b4 c6 15. Qb3
Qb6+ 16. Kh1 c5 17. Rab1 Qxb4 18. Qxb4 cxb4 19. Rxb4 Nd7 20. a5 Nc5 21. Be3 Nd3
22. Rb3 f4 23. Ba7 Ra8 24. Bg1 fxg3 25. hxg3 Bd7 26. Rxb7 Bc8 27. Rxe7 Bf6 28.
Ra7 Rb8 29. Rb1 Rxb1 30. Nxb1 Nc5 31. Bxc5 dxc5 32. Nc1 Bg5 33. Nd3 Re8 34. Rc7
Be7 35. Nxc5 Kf7 36. d6 1-0

[Event "HET"]
[Site "Hamburg"]
[Date "2006.09.02"]
[Round "6.13"]
[White "Holzweissig, Hans Joachim"]
[Black "Oehlke, Jan-Philipp"]
[Result "1/2-1/2"]
[WhiteElo "1881"]
[BlackElo "1611"]
[PlyCount "36"]
[EventDate "2006.??.??"]
[EventType "swiss"]
[EventRounds "7"]
[EventCountry "GER"]

1. Nc3 Nf6 2. f4 d6 3. Nf3 g6 4. e4 Bg7 5. Be2 O-O 6. O-O c5 7. d3 Nc6 8. Rb1
e6 9. a3 b6 10. Bd2 Bb7 11. Qe1 a6 12. Nd1 Qe7 13. Nf2 e5 14. fxe5 Nxe5 15.
Nxe5 Qxe5 16. Bc3 Qe7 17. Nh3 Nd7 18. Bd2 d5 1/2-1/2

[Event "HET"]
[Site "Hamburg"]
[Date "2006.09.02"]
[Round "6.14"]
[White "Cupina, Ibrahim"]
[Black "Graffenberger, Wilhelm"]
[Result "1/2-1/2"]
[WhiteElo "1646"]
[BlackElo "1732"]
[PlyCount "115"]
[EventDate "2006.??.??"]
[EventType "swiss"]
[EventRounds "7"]
[EventCountry "GER"]

1. e4 c5 2. d4 cxd4 3. c3 Nf6 4. e5 Nd5 5. cxd4 e6 6. Nc3 Bb4 7. Bd2 Nxc3 8.
bxc3 Be7 9. Qg4 Bf8 10. Bd3 d5 11. h4 Nd7 12. Bg5 f6 13. Qh5+ Ke7 14. exf6+
Nxf6 15. Nf3 Qe8 16. Qxe8+ Kxe8 17. Ne5 Be7 18. Rb1 a6 19. c4 Bd6 20. f4 Bxe5
21. fxe5 Ne4 22. Bxe4 dxe4 23. Ke2 h6 24. Bf4 Rb8 25. Ke3 b5 26. a4 Bd7 27.
Kxe4 Ke7 28. d5 bxc4 29. d6+ Kf7 30. Rbf1 Kg6 31. Kd4 Rhc8 32. Rb1 Kf5 33. Bd2
Bxa4 34. Rxb8 Rxb8 35. Kxc4 Rc8+ 36. Kd4 Bb5 37. g4+ Kxg4 38. Rg1+ Kf5 39. Rxg7
Rc4+ 40. Ke3 Kxe5 41. d7 Bxd7 42. Rxd7 Rxh4 43. Ra7 Rh3+ 44. Ke2 h5 45. Rxa6 h4
46. Ra4 Rh1 47. Bg5 h3 48. Rh4 Kf5 49. Bd8 e5 50. Kf2 e4 51. Bb6 Rb1 52. Bd4
Rb3 53. Kg1 Rd3 54. Bf2 Rf3 55. Rh8 e3 56. Rf8+ Kg4 57. Rxf3 Kxf3 58. Bxe3
1/2-1/2

[Event "HET"]
[Site "Hamburg"]
[Date "2006.09.02"]
[Round "6.15"]
[White "Zehner, Birte"]
[Black "Opasiak, Dustin Tennessee"]
[Result "0-1"]
[WhiteElo "1486"]
[BlackElo "1669"]
[PlyCount "94"]
[EventDate "2006.??.??"]
[EventType "swiss"]
[EventRounds "7"]
[EventCountry "GER"]

1. e4 e6 2. Nf3 c5 3. c3 d5 4. exd5 exd5 5. d4 Nf6 6. Bg5 c4 7. Nbd2 Be7 8. b3
cxb3 9. Qxb3 O-O 10. Bd3 Qc7 11. O-O Be6 12. Rfe1 h6 13. Bh4 Nc6 14. Rab1 b6
15. Ne5 Nxe5 16. Rxe5 Ng4 17. Bxe7 Qxe7 18. Re2 Qd6 19. Nf3 Qf4 20. Rbe1 Nf6
21. Ne5 Qg5 22. Re3 Nh5 23. Qc2 Qd8 24. Bh7+ Kh8 25. Bd3 Nf4 26. Bb5 Qd6 27. g3
Nh3+ 28. Kg2 Ng5 29. g4 Bc8 30. h4 Ne6 31. g5 a6 32. Be8 Qe7 33. Bxf7 Rxf7 34.
Nxf7+ Qxf7 35. gxh6 gxh6 36. Rg3 Nf4+ 37. Kh2 Bf5 38. Qd2 Be4 39. Reg1 Qf6 40.
Rg4 Nh5 41. Qe3 Rf8 42. Rf1 Bf5 43. Rg2 Qxh4+ 44. Kg1 Qf6 45. Re1 Be4 46. Rh2
Rg8+ 47. Kf1 Ng3+ 0-1

[Event "HET"]
[Site "Hamburg"]
[Date "2006.09.02"]
[Round "6.16"]
[White "Farzamfahr, Bahram"]
[Black "Becker-Bertau, Friedrich"]
[Result "1/2-1/2"]
[WhiteElo "1658"]
[BlackElo "1814"]
[PlyCount "107"]
[EventDate "2006.??.??"]
[EventType "swiss"]
[EventRounds "7"]
[EventCountry "GER"]

1. e4 e5 2. f4 exf4 3. Nf3 d5 4. exd5 Nf6 5. c4 c6 6. dxc6 Nxc6 7. d4 Bd6 8.
Nc3 b6 9. Be2 O-O 10. O-O Ng4 11. Nd5 g5 12. h3 f5 13. Nxg5 Nxd4 14. Nf3 Nxf3+
15. Bxf3 Bc5+ 16. Kh1 Nf2+ 17. Rxf2 Bxf2 18. Bxf4 Re8 19. Qc2 Qh4 20. Nc7 Re4
21. Bxe4 fxe4 22. Qxe4 Bxh3 23. gxh3 Qxh3+ 24. Bh2 Rd8 25. Qe6+ Qxe6 26. Nxe6
Re8 27. Nc7 Re2 28. Rb1 Bd4 29. Nb5 Bxb2 30. Nxa7 Bd4 31. Nb5 Bc5 32. Bd6 Rxa2
33. Bxc5 bxc5 34. Rc1 Kg7 35. Nd6 Re2 36. Rf1 Kg6 37. Nb7 Rc2 38. Rf4 Kg5 39.
Re4 h5 40. Nxc5 h4 41. Nd3 h3 42. c5 h2 43. Rd4 Kf5 44. Rh4 Rc3 45. Rf4+ Kg5
46. Rd4 Rc2 47. Rd5+ Kh4 48. Nb4 Rb2 49. Na6 Rc2 50. Nb8 Kg3 51. Rd3+ Kf4 52.
c6 Kg4 53. Nd7 Kf4 54. Rd4+ 1/2-1/2

[Event "HET"]
[Site "Hamburg"]
[Date "2006.09.02"]
[Round "6.17"]
[White "Schulz, Hans-Juergen"]
[Black "Kohlstädt, Jürgen"]
[Result "1-0"]
[WhiteElo "2040"]
[BlackElo "1568"]
[PlyCount "74"]
[EventDate "2006.??.??"]
[EventType "swiss"]
[EventRounds "7"]
[EventCountry "GER"]

1. e4 c5 2. b4 e5 3. Nf3 cxb4 4. Nxe5 Qe7 5. d4 d6 6. Nf3 Qxe4+ 7. Be2 Bf5 8.
O-O Qxc2 9. Bb5+ Nd7 10. Qe1+ Be7 11. Qxb4 Be6 12. Na3 Qc7 13. Bf4 Ngf6 14.
Rac1 Qb6 15. Qa4 a6 16. Rb1 Qd8 17. Bd3 b5 18. Qc2 Rc8 19. Qd2 h6 20. Rfc1 Nd5
21. Rxc8 Qxc8 22. Rc1 Qb7 23. Re1 O-O 24. Bb1 N7f6 25. h3 Rc8 26. Bg3 Rc3 27.
Nc2 Qc7 28. Ne3 Nxe3 29. fxe3 Qa5 30. e4 Ra3 31. Qxa5 Rxa5 32. d5 Bd7 33. Rc1
g6 34. Rc7 Ra3 35. e5 dxe5 36. Bxe5 Bxh3 37. Rxe7 Re3 1-0

[Event "HET"]
[Site "Hamburg"]
[Date "2006.09.02"]
[Round "6.18"]
[White "Soltau, Achim"]
[Black "Kock, Rudolf"]
[Result "1-0"]
[WhiteElo "1989"]
[BlackElo "1417"]
[PlyCount "89"]
[EventDate "2006.??.??"]
[EventType "swiss"]
[EventRounds "7"]
[EventCountry "GER"]

1. c4 e5 2. Nc3 Nc6 3. Nf3 f5 4. d4 e4 5. Bg5 Nf6 6. Nh4 d6 7. e3 Be7 8. Bxf6
Bxf6 9. Qh5+ g6 10. Nxg6 hxg6 11. Qxg6+ Ke7 12. Nd5+ Ke6 13. Nxf6 Qxf6 14. d5+
Ke7 15. Qxf6+ Kxf6 16. dxc6 bxc6 17. Rc1 c5 18. Be2 Bb7 19. O-O a5 20. f4 Rh7
21. Rf2 Bc6 22. Bf1 a4 23. h3 Rg8 24. Kh2 Be8 25. b3 Bc6 26. bxa4 Bxa4 27. Rc3
Rhh8 28. Ra3 Ra8 29. Rb2 Bc6 30. Rxa8 Rxa8 31. Kg1 Ke6 32. g4 Rg8 33. g5 d5 34.
cxd5+ Bxd5 35. Rc2 Kd6 36. Kf2 Ra8 37. h4 Bxa2 38. h5 Bb3 39. Rc3 Be6 40. h6
Bf7 41. Bc4 Bg6 42. Rc2 Rb8 43. Ra2 Rb4 44. Bg8 Rb8 45. h7 1-0